000
00310nam a2200145Ia 4500
100
_a
Robert Ireson
650
_a
General
942
_c
BK
654
_a
Car HB.
245
_a
Car Hand Book.
260
_b
The english danguape book society.
_c
2001
082
_a
629.2222
300
_a
379
546
_a
ENGLISH
999
_c
29443
_d
29443